[Event "Outaouais-ch B"]
[Site "Gatineau CAN"]
[Date "2007.05.01"]
[Round "2"]
[White "Blouin, Francois"]
[Black "Libersan, Mattieu"]
[Result "0-1"]
[WhiteElo "1533"]
[BlackElo "1895"]
[PlyCount "76"]
[GameId "2160767910692985"]
[EventDate "2007.04.24"]
[EventType "swiss"]
[EventRounds "6"]
[EventCountry "CAN"]
[SourceTitle "EXT 2022"]
[Source "ChessBase"]
[SourceDate "2021.10.06"]
[SourceVersion "1"]
[SourceVersionDate "2021.10.06"]
[SourceQuality "1"]

1. e4 e5 2. Nf3 f5 3. d3 Nc6 4. Nc3 Nf6 5. a3 Be7 6. g3 O-O 7. Bg2 d6 8. O-O f4 9. gxf4 exf4 10. Bxf4 Nh5 11. Bg3 Bg4 12. h3 Bxf3 13. Bxf3 Nf4 14. Bxf4 Rxf4 15. Nd5 Qf8 16. Nxf4 Qxf4 17. Bg4 Rf8 18. Qc1 Qe5 19. f4 Qc5+ 20. Kh2 Nd4 21. Rf2 h5 22. b4 Qb6 23. Rg2 hxg4 24. hxg4 d5 25. Qe3 Qh6+ 26. Kg1 Ne6 27. g5 Qh4 28. exd5 Nxf4 29. Rh2 Qxg5+ 30. Kh1 Qxd5+ 31. Qe4 Bd6 32. Rf1 Re8 33. Qxd5+ Nxd5 34. Rd2 Re3 35. Kg2 Bf4 36. Kg1 Rg3+ 37. Kf2 Rh3 38. Kg2 Rh2+ 0-1

[Event "Outaouais-ch B"]
[Site "Gatineau CAN"]
[Date "2007.05.01"]
[Round "2"]
[White "Charette, Jean Sebastien"]
[Black "Rainey, Ivan"]
[Result "1-0"]
[WhiteElo "1480"]
[BlackElo "1229"]
[PlyCount "55"]
[GameId "2160767910692986"]
[EventDate "2007.04.24"]
[EventType "swiss"]
[EventRounds "6"]
[EventCountry "CAN"]
[SourceTitle "EXT 2022"]
[Source "ChessBase"]
[SourceDate "2021.10.06"]
[SourceVersion "1"]
[SourceVersionDate "2021.10.06"]
[SourceQuality "1"]

1. e4 e5 2. Nf3 Nc6 3. Bc4 Nf6 4. Nc3 Bc5 5. d3 h6 6. a3 d6 7. h3 O-O 8. O-O Re8 9. Be3 Bxe3 10. fxe3 Ne7 11. b4 c6 12. Qe2 b5 13. Bb3 Qc7 14. d4 a6 15. Rfd1 Rd8 16. dxe5 dxe5 17. Rxd8+ Qxd8 18. Nxe5 Qc7 19. Nxf7 Kh7 20. Qd3 c5 21. e5+ Ng6 22. exf6 Bxh3 23. Bd5 c4 24. Qe4 Re8 25. Qxe8 Qg3 26. Ne2 Qg4 27. Nf4 Nxf4 28. Be4+ 1-0

[Event "Outaouais-ch B"]
[Site "Gatineau CAN"]
[Date "2007.05.01"]
[Round "2"]
[White "Dallaire, Dominic"]
[Black "Kennedy, Phillip"]
[Result "1-0"]
[WhiteElo "1872"]
[BlackElo "1351"]
[PlyCount "63"]
[GameId "2160767910692987"]
[EventDate "2007.04.24"]
[EventType "swiss"]
[EventRounds "6"]
[EventCountry "CAN"]

1. e4 c5 2. Nf3 d6 3. d4 cxd4 4. Nxd4 Nf6 5. Nc3 Nc6 6. Bc4 g6 7. f3 Bg7 8. Be3 O-O 9. Qd2 a6 10. O-O-O Nxd4 11. Bxd4 b5 12. Bb3 Bb7 13. h4 h5 14. Qg5 Kh7 15. Be3 Ng8 16. Qg3 Rc8 17. Nd5 Bh6 18. Nf4 e5 19. Bxf7 Rxf7 20. Qxg6+ Kh8 21. Qxf7 Bxf4 22. Qxh5+ Kg7 23. Qg4+ Kf6 24. Bxf4 exf4 25. e5+ Kxe5 26. Rhe1+ Kf6 27. Re6+ Kf7 28. Qg6+ Kf8 29. Qf5+ Kg7 30. Rg6+ Kh7 31. Qh5+ Nh6 32. Qxh6# 1-0

[Event "Outaouais-ch B"]
[Site "Gatineau CAN"]
[Date "2007.05.01"]
[Round "2"]
[White "Danilov, Alex"]
[Black "Villeneuve, Luc"]
[Result "1-0"]
[WhiteElo "1919"]
[BlackElo "1514"]
[PlyCount "65"]
[GameId "2160767910692988"]
[EventDate "2007.04.24"]
[EventType "swiss"]
[EventRounds "6"]
[EventCountry "CAN"]
[SourceTitle "EXT 2022"]
[Source "ChessBase"]
[SourceDate "2021.10.06"]
[SourceVersion "1"]
[SourceVersionDate "2021.10.06"]
[SourceQuality "1"]

1. e4 e5 2. Nf3 d6 3. Bc4 Be7 4. c3 Nf6 5. d3 O-O 6. O-O h6 7. Re1 Nbd7 8. Nbd2 c6 9. a4 Qc7 10. Nf1 Re8 11. a5 Nf8 12. d4 Ng6 13. b4 d5 14. exd5 cxd5 15. Bb5 Qxc3 16. Bd2 Qc7 17. Rc1 Qd8 18. Bxe8 Qxe8 19. dxe5 Ne4 20. Ng3 Nxg3 21. hxg3 Bg4 22. Qb3 Rd8 23. Nd4 Qf8 24. Rc7 Rb8 25. Qxd5 Rd8 26. Qc4 b5 27. axb6 axb6 28. Bc3 Nxe5 29. Rxe5 Bd6 30. Nb5 Bxc7 31. Nxc7 Qd6 32. Qxg4 Qxc7 33. Re8+ 1-0

[Event "Outaouais-ch B"]
[Site "Gatineau CAN"]
[Date "2007.05.01"]
[Round "2"]
[White "Dupont, Claude"]
[Black "Laurin, Jacques"]
[Result "0-1"]
[WhiteElo "1430"]
[BlackElo "1796"]
[PlyCount "86"]
[GameId "2160767910692989"]
[EventDate "2007.04.24"]
[EventType "swiss"]
[EventRounds "6"]
[EventCountry "CAN"]
[SourceTitle "EXT 2022"]
[Source "ChessBase"]
[SourceDate "2021.10.06"]
[SourceVersion "1"]
[SourceVersionDate "2021.10.06"]
[SourceQuality "1"]

1. e4 d6 2. d4 Nf6 3. Nd2 e5 4. c3 exd4 5. cxd4 Be7 6. Bd3 O-O 7. Ngf3 Bg4 8. h3 Bh5 9. Qb3 Qc8 10. O-O Nc6 11. Qc2 Nb4 12. Qb3 Nxd3 13. Qxd3 Nd7 14. b3 Bf6 15. Bb2 Bg6 16. Rfe1 Nb6 17. Qc3 c5 18. Rac1 Qd7 19. Qa5 Bd8 20. dxc5 Nd5 21. Qa3 Nf4 22. cxd6 Nd3 23. Ne5 Nxe5 24. Bxe5 Re8 25. Bd4 b5 26. e5 a5 27. Qb2 Bg5 28. Be3 Bd8 29. Nf3 f6 30. Bc5 Bh5 31. Nd2 fxe5 32. Rxe5 Bf6 33. Rxe8+ Rxe8 34. Qc2 Bg6 35. Qd1 Bb2 36. Nf3 Bxc1 37. Qxc1 Re2 38. Qa1 Qe6 39. a4 Bh5 40. axb5 Bxf3 41. Qxa5 Re1+ 42. Kh2 Qe5+ 43. g3 Rh1# 0-1

[Event "Outaouais-ch B"]
[Site "Gatineau CAN"]
[Date "2007.05.01"]
[Round "2"]
[White "Forget, David"]
[Black "Jiang, Qizhe"]
[Result "1-0"]
[WhiteElo "1871"]
[BlackElo "940"]
[PlyCount "97"]
[GameId "2160767910692990"]
[EventDate "2007.04.24"]
[EventType "swiss"]
[EventRounds "6"]
[EventCountry "CAN"]
[SourceTitle "EXT 2022"]
[Source "ChessBase"]
[SourceDate "2021.10.06"]
[SourceVersion "1"]
[SourceVersionDate "2021.10.06"]
[SourceQuality "1"]

1. d4 d5 2. c4 Nc6 3. Nc3 Nf6 4. Nf3 e6 5. Bg5 Be7 6. e3 Ne4 7. Bxe7 Nxe7 8. Bd3 Nxc3 9. bxc3 Bd7 10. cxd5 exd5 11. O-O Bf5 12. Bxf5 Nxf5 13. Ne5 Ne7 14. Qb3 Rb8 15. e4 c6 16. Rab1 O-O 17. exd5 cxd5 18. Qa4 Nc6 19. Nxc6 bxc6 20. Qxc6 Qc8 21. Qxc8 Rbxc8 22. Rfc1 Rc7 23. Kf1 h6 24. Ke2 Re8+ 25. Kd2 Kh7 26. Re1 Re6 27. Rxe6 fxe6 28. Rb8 Rf7 29. f3 Re7 30. a4 e5 31. dxe5 Rxe5 32. Rb7 Rg5 33. g4 h5 34. h3 hxg4 35. hxg4 Rg6 36. Rxa7 Rd6 37. Kd3 Rf6 38. Ke3 Rc6 39. Kd4 Rc4+ 40. Kxd5 Rxc3 41. f4 Rf3 42. Ke5 Re3+ 43. Kf5 Rc3 44. g5 Rc5+ 45. Kg4 Rc6 46. f5 Rc8 47. f6 Rf8 48. Rxg7+ Kh8 49. Ra7 1-0

[Event "Outaouais-ch B"]
[Site "Gatineau CAN"]
[Date "2007.05.01"]
[Round "2"]
[White "Gagnon, Fabien"]
[Black "Toulouse, Raphael"]
[Result "1-0"]
[WhiteElo "1966"]
[BlackElo "1252"]
[PlyCount "79"]
[GameId "2160767910692991"]
[EventDate "2007.04.24"]
[EventType "swiss"]
[EventRounds "6"]
[EventCountry "CAN"]
[SourceTitle "EXT 2022"]
[Source "ChessBase"]
[SourceDate "2021.10.06"]
[SourceVersion "1"]
[SourceVersionDate "2021.10.06"]
[SourceQuality "1"]

1. e4 e6 2. d4 d5 3. Nd2 c5 4. exd5 Qxd5 5. Ngf3 cxd4 6. Bc4 Qh5 7. O-O Bc5 8. Nb3 Nc6 9. Nbxd4 Nxd4 10. Nxd4 Qxd1 11. Rxd1 Nf6 12. Bg5 Ne4 13. Bh4 Bd7 14. Nb3 Bb6 15. Kf1 g5 16. Bg3 Nxg3+ 17. hxg3 Rc8 18. Bd3 Ba4 19. c3 Ke7 20. Be4 Bxb3 21. axb3 Rc7 22. g4 h6 23. Ke2 h5 24. gxh5 Rxh5 25. Rh1 Rxh1 26. Rxh1 Rd7 27. Rh5 Kf6 28. b4 Ke5 29. Bf3 Bd8 30. Rh7 b5 31. Bc6 Rc7 32. Bxb5 f6 33. Rh3 Rb7 34. Bc6 Rc7 35. Ba4 Rc4 36. Rd3 Re4+ 37. Kf1 Bb6 38. g3 Kf5 39. Rd6 Kg4 40. f3+ 1-0

[Event "Outaouais-ch B"]
[Site "Gatineau CAN"]
[Date "2007.05.01"]
[Round "2"]
[White "Jani, Louis"]
[Black "Charland, Roger"]
[Result "1-0"]
[WhiteElo "1409"]
[BlackElo "1528"]
[PlyCount "61"]
[GameId "2160767910692992"]
[EventDate "2007.04.24"]
[EventType "swiss"]
[EventRounds "6"]
[EventCountry "CAN"]
[SourceTitle "EXT 2022"]
[Source "ChessBase"]
[SourceDate "2021.10.06"]
[SourceVersion "1"]
[SourceVersionDate "2021.10.06"]
[SourceQuality "1"]

1. f4 d5 2. Nf3 c5 3. e3 Nc6 4. Be2 Bg4 5. O-O Nf6 6. h3 Bh5 7. g4 Bxg4 8. hxg4 Nxg4 9. Nh2 Nxh2 10. Kxh2 e6 11. Bg4 h5 12. Bh3 g5 13. fxg5 Bd6+ 14. Kh1 Qxg5 15. Qf3 Ne5 16. Qg2 Qxg2+ 17. Bxg2 O-O-O 18. d4 Ng4 19. Nc3 cxd4 20. exd4 h4 21. Bh3 Rdg8 22. Bf4 Bxf4 23. Rxf4 Ne3 24. Rxf7 Rg3 25. Bxe6+ Kb8 26. Rg1 Rg6 27. Nxd5 Nxd5 28. Bxd5 Rgh6 29. Kg2 Rg8+ 30. Kf1 Rxg1+ 31. Kxg1 1-0

[Event "Outaouais-ch B"]
[Site "Gatineau CAN"]
[Date "2007.05.01"]
[Round "2"]
[White "Levesque, Andre"]
[Black "Lemieux, Richard"]
[Result "1-0"]
[WhiteElo "1414"]
[BlackElo "1617"]
[PlyCount "38"]
[GameId "2160767910692993"]
[EventDate "2007.04.24"]
[EventType "swiss"]
[EventRounds "6"]
[EventCountry "CAN"]
[SourceTitle "EXT 2022"]
[Source "ChessBase"]
[SourceDate "2021.10.06"]
[SourceVersion "1"]
[SourceVersionDate "2021.10.06"]
[SourceQuality "1"]

1. e4 e5 2. Nc3 Bc5 3. Nf3 d6 4. Na4 Bb6 5. Nxb6 axb6 6. Bc4 Nf6 7. d3 h6 8. O-O Nc6 9. a3 Bg4 10. c3 d5 11. exd5 Nxd5 12. Re1 O-O 13. h3 Bh5 14. g4 Bg6 15. Nxe5 Nxe5 16. Rxe5 Ra5 17. Bd2 Qd6 18. Qe2 f6 19. Re6 Nf4 1-0

[Event "Outaouais-ch B"]
[Site "Gatineau CAN"]
[Date "2007.05.01"]
[Round "2"]
[White "Maisonneuve, Paul"]
[Black "Berthiaume, Patrick"]
[Result "1/2-1/2"]
[WhiteElo "1453"]
[BlackElo "1041"]
[PlyCount "121"]
[GameId "2160767910692994"]
[EventDate "2007.04.24"]
[EventType "swiss"]
[EventRounds "6"]
[EventCountry "CAN"]
[SourceTitle "EXT 2022"]
[Source "ChessBase"]
[SourceDate "2021.10.06"]
[SourceVersion "1"]
[SourceVersionDate "2021.10.06"]
[SourceQuality "1"]

1. d4 f5 2. Bf4 Nf6 3. e3 e6 4. Nf3 Be7 5. h3 O-O 6. Bd3 Nc6 7. c3 d6 8. O-O Bd7 9. Nbd2 Nh5 10. Bh2 d5 11. Ne5 Nxe5 12. Bxe5 Nf6 13. c4 c6 14. cxd5 cxd5 15. Rc1 Rc8 16. Qe2 Rxc1 17. Rxc1 Qa5 18. a3 a6 19. Nf3 Rc8 20. Rxc8+ Bxc8 21. Qc2 Bd7 22. Qc1 Qd8 23. Bh2 Qc8 24. Qd1 Qc6 25. Ne5 Qc7 26. Nf3 Bd6 27. Bxd6 Qxd6 28. Qb3 Qc6 29. Ne5 Qc7 30. g4 fxg4 31. hxg4 g6 32. g5 Ne4 33. Bxe4 dxe4 34. Qb4 Bb5 35. a4 Be2 36. Qd2 Bc4 37. Qc3 b5 38. b3 Qd8 39. bxc4 Qxg5+ 40. Kf1 bxc4 41. Qxc4 h5 42. Qxe6+ Kg7 43. Qf7+ Kh6 44. Qxg6+ Qxg6 45. Nxg6 Kxg6 46. Kg2 Kf5 47. Kg3 a5 48. Kh4 Kg6 49. d5 Kf6 50. Kxh5 Ke5 51. Kg5 Kxd5 52. Kf5 Kc4 53. Kxe4 Kb4 54. Kd4 Kxa4 55. Kc4 Ka3 56. Kc3 a4 57. e4 Ka2 58. Kc2 a3 59. e5 Ka1 60. e6 a2 61. e7 1/2-1/2

[Event "Outaouais-ch B"]
[Site "Gatineau CAN"]
[Date "2007.05.01"]
[Round "2"]
[White "Pepin, Christian"]
[Black "Iyamuremye, Gervais"]
[Result "1-0"]
[WhiteElo "1960"]
[BlackElo "1563"]
[PlyCount "61"]
[GameId "2160767910692995"]
[EventDate "2007.04.24"]
[EventType "swiss"]
[EventRounds "6"]
[EventCountry "CAN"]
[SourceTitle "EXT 2022"]
[Source "ChessBase"]
[SourceDate "2021.10.06"]
[SourceVersion "1"]
[SourceVersionDate "2021.10.06"]
[SourceQuality "1"]

1. e4 c5 2. Nf3 d6 3. c3 Nf6 4. Qc2 e5 5. d4 exd4 6. cxd4 Be7 7. Nc3 O-O 8. Be3 b6 9. h3 Bb7 10. O-O-O Qc8 11. g4 Nc6 12. d5 Nb4 13. Qd2 Nd7 14. Ne1 Bf6 15. g5 Bxc3 16. bxc3 Na6 17. Bd3 Ne5 18. Be2 Nc7 19. f4 Ng6 20. h4 f5 21. gxf6 Rxf6 22. f5 Ne5 23. Ng2 Ba6 24. Nf4 Bxe2 25. Qxe2 Qa6 26. Qxa6 Nxa6 27. Ne6 Kh8 28. Bf4 g6 29. Bxe5 dxe5 30. d6 Nc7 31. dxc7 1-0

[Event "Outaouais-ch B"]
[Site "Gatineau CAN"]
[Date "2007.05.01"]
[Round "2"]
[White "Pilon, Robert"]
[Black "Groleau, Gilles"]
[Result "0-1"]
[WhiteElo "1583"]
[BlackElo "1930"]
[PlyCount "76"]
[GameId "2160767910692996"]
[EventDate "2007.04.24"]
[EventType "swiss"]
[EventRounds "6"]
[EventCountry "CAN"]
[SourceTitle "EXT 2022"]
[Source "ChessBase"]
[SourceDate "2021.10.06"]
[SourceVersion "1"]
[SourceVersionDate "2021.10.06"]
[SourceQuality "1"]

1. Nf3 Nf6 2. b3 g6 3. Bb2 Bg7 4. e4 d6 5. Be2 O-O 6. d3 c5 7. Nbd2 Nc6 8. O-O Qc7 9. Nc4 e5 10. c3 h6 11. Ne3 Bd7 12. Re1 Rae8 13. h3 Ne7 14. Nh2 Nh7 15. Bg4 Bc6 16. c4 h5 17. Bf3 Ng5 18. Bxh5 gxh5 19. Qxh5 Nh7 20. Nhg4 Bd7 21. Nh6+ Bxh6 22. Qxh6 f5 23. f4 Rf6 24. Qh5 Ref8 25. Nd5 Nxd5 26. cxd5 Be8 27. Qe2 fxe4 28. fxe5 dxe5 29. dxe4 Bg6 30. Rf1 Rf4 31. Rxf4 Rxf4 32. Qc4 Qd6 33. Bxe5 Qxe5 34. d6+ Bf7 35. d7 Qxa1+ 36. Kh2 Bxc4 37. d8=Q+ Rf8 38. Qd7 Qe5+ 0-1

[Event "Outaouais-ch B"]
[Site "Gatineau CAN"]
[Date "2007.05.01"]
[Round "2"]
[White "Scantland, Patrick"]
[Black "Baril Boudreau, Felix"]
[Result "0-1"]
[WhiteElo "1778"]
[BlackElo "1427"]
[PlyCount "104"]
[GameId "2160767910692997"]
[EventDate "2007.04.24"]
[EventType "swiss"]
[EventRounds "6"]
[EventCountry "CAN"]
[SourceTitle "EXT 2022"]
[Source "ChessBase"]
[SourceDate "2021.10.06"]
[SourceVersion "1"]
[SourceVersionDate "2021.10.06"]
[SourceQuality "1"]

1. d4 Nf6 2. c4 g6 3. Nc3 d5 4. h3 Bg7 5. cxd5 Nxd5 6. e4 Nxc3 7. bxc3 c5 8. Nf3 O-O 9. Bc4 Qa5 10. Bd2 Nc6 11. O-O Rd8 12. Qb3 e6 13. Rad1 cxd4 14. cxd4 Qc7 15. Bc3 Na5 16. Bxa5 Qxa5 17. e5 b6 18. d5 b5 19. Be2 exd5 20. Qxb5 Qxb5 21. Bxb5 Be6 22. Rfe1 Rab8 23. Nd4 Bd7 24. Bxd7 Rxd7 25. e6 fxe6 26. Rxe6 Bxd4 27. Rxd4 Rb1+ 28. Kh2 Rb2 29. Ra6 Rxf2 30. a4 Kf7 31. Kg3 Rf6 32. Ra5 Rf5 33. Rh4 h5 34. Rd4 g5 35. Rc5 Ke6 36. Rc8 Ke5 37. Rd2 d4 38. Rc5+ Ke4 39. Rxf5 Kxf5 40. Kf3 d3 41. g4+ hxg4+ 42. hxg4+ Ke5 43. Ke3 Rd4 44. Kf3 Kd5 45. a5 a6 46. Ke3 Kc4 47. Ra2 Rd5 48. Kd2 Kb3 49. Ra1 Kb4 50. Ra2 Rxa5 51. Rxa5 Kxa5 52. Kxd3 Kb4 0-1

[Event "Outaouais-ch B"]
[Site "Gatineau CAN"]
[Date "2007.05.01"]
[Round "2"]
[White "Sunatori, Evelyne"]
[Black "Arsenault, Yves"]
[Result "0-1"]
[WhiteElo "1095"]
[BlackElo "1458"]
[PlyCount "110"]
[GameId "2160767910692998"]
[EventDate "2007.04.24"]
[EventType "swiss"]
[EventRounds "6"]
[EventCountry "CAN"]
[SourceTitle "EXT 2022"]
[Source "ChessBase"]
[SourceDate "2021.10.06"]
[SourceVersion "1"]
[SourceVersionDate "2021.10.06"]
[SourceQuality "1"]

1. e4 c5 2. Nf3 d6 3. Bc4 Bg4 4. h3 Bh5 5. O-O Nd7 6. Be2 Ngf6 7. Ng5 Bxe2 8. Qxe2 g6 9. Nc3 h6 10. Nf3 Bg7 11. e5 dxe5 12. Nxe5 O-O 13. Nxd7 Qxd7 14. d3 Rfe8 15. Ne4 Qc6 16. Be3 b6 17. Qf3 Nxe4 18. Qxe4 Qxe4 19. dxe4 Bxb2 20. Rad1 Bg7 21. Rd7 e6 22. Rfd1 g5 23. g3 a6 24. f4 gxf4 25. Bxf4 b5 26. a3 a5 27. e5 b4 28. a4 c4 29. Rc7 Rec8 30. Rxc8+ Rxc8 31. Rb1 Rc5 32. Re1 Bf8 33. Re4 Rc6 34. Bd2 Kh7 35. g4 Bc5+ 36. Kg2 Bb6 37. Rf4 b3 38. cxb3 cxb3 39. Rxf7+ Kg8 40. Rf1 Rc2 41. Rb1 Rxd2+ 42. Kg3 b2 43. Kh4 Kg7 44. Kh5 Re2 45. h4 Bd4 46. g5 hxg5 47. hxg5 Bxe5 48. g6 Rg2 49. Re1 Rxg6 50. Kh4 Bg3+ 51. Kh5 Rh6+ 52. Kg4 Bxe1 53. Kg5 b1=Q 54. Kf4 Qd3 55. Kg4 Qf5# 0-1

[Event "Outaouais-ch B"]
[Site "Gatineau CAN"]
[Date "2007.05.08"]
[Round "3"]
[White "Arsenault, Yves"]
[Black "Pilon, Robert"]
[Result "0-1"]
[WhiteElo "1458"]
[BlackElo "1583"]
[PlyCount "118"]
[GameId "2160767910692999"]
[EventDate "2007.04.24"]
[EventType "swiss"]
[EventRounds "6"]
[EventCountry "CAN"]
[SourceTitle "EXT 2022"]
[Source "ChessBase"]
[SourceDate "2021.10.06"]
[SourceVersion "1"]
[SourceVersionDate "2021.10.06"]
[SourceQuality "1"]

1. e4 e6 2. d4 d5 3. Nd2 dxe4 4. Nxe4 Bd7 5. Nf3 Bc6 6. Bd3 Nd7 7. O-O Ngf6 8. Re1 Be7 9. c3 h6 10. h3 Nxe4 11. Bxe4 Bxe4 12. Rxe4 Nf6 13. Re2 Bd6 14. d5 Nxd5 15. g3 c6 16. Qd4 Qf6 17. Qxf6 Nxf6 18. Bd2 O-O 19. b4 Rfd8 20. c4 c5 21. a3 b6 22. Bc3 Be7 23. Ne5 Rac8 24. b5 Rc7 25. Nc6 Rd3 26. Be5 Bd6 27. a4 Nd7 28. Bxd6 Rxd6 29. a5 g5 30. Re3 f6 31. f4 Kf7 32. a6 Nf8 33. Rf1 Ng6 34. fxg5 hxg5 35. Ref3 e5 36. Rf5 Kg7 37. R5f3 Ne7 38. Nxe7 Rxe7 39. Rc3 Rd4 40. Kf2 Red7 41. Rh1 Rd3 42. Rhc1 Rxc3 43. Rxc3 Rd4 44. Ke3 f5 45. Kf3 Kg6 46. Ke3 e4 47. Ke2 Kh5 48. Ke3 Kg6 49. h4 Kh5 50. hxg5 Kxg5 51. Ke2 Kg4 52. Ke1 Rd3 53. Rc2 Kxg3 54. Kf1 Rd1+ 55. Ke2 Rd3 56. Kf1 Rf3+ 57. Kg1 e3 58. Re2 Kf4 59. Re1 Rf2 0-1

[Event "Outaouais-ch B"]
[Site "Gatineau CAN"]
[Date "2007.05.08"]
[Round "3"]
[White "Baril Boudreau, Felix"]
[Black "Guimond, Michel"]
[Result "0-1"]
[WhiteElo "1427"]
[BlackElo "1817"]
[PlyCount "40"]
[GameId "2160767910693000"]
[EventDate "2007.04.24"]
[EventType "swiss"]
[EventRounds "6"]
[EventCountry "CAN"]
[SourceTitle "EXT 2022"]
[Source "ChessBase"]
[SourceDate "2021.10.06"]
[SourceVersion "1"]
[SourceVersionDate "2021.10.06"]
[SourceQuality "1"]

1. e4 e6 2. d4 d5 3. Nd2 Nf6 4. e5 Nfd7 5. Bd3 c5 6. c3 Nc6 7. Ne2 f5 8. Nf4 Qe7 9. Qh5+ Qf7 10. Qxf7+ Kxf7 11. Nf3 Be7 12. Bxf5 Ndxe5 13. Bxe6+ Bxe6 14. dxe5 h6 15. Nxe6 Kxe6 16. O-O g5 17. Re1 Raf8 18. Re2 Rf5 19. Be3 g4 20. Nd2 d4 0-1

[Event "Outaouais-ch B"]
[Site "Gatineau CAN"]
[Date "2007.05.08"]
[Round "3"]
[White "Berthiaume, Serge"]
[Black "Charette, Jean Sebastien"]
[Result "1/2-1/2"]
[WhiteElo "1229"]
[BlackElo "1480"]
[PlyCount "84"]
[GameId "2160767910693001"]
[EventDate "2007.04.24"]
[EventType "swiss"]
[EventRounds "6"]
[EventCountry "CAN"]
[SourceTitle "EXT 2022"]
[Source "ChessBase"]
[SourceDate "2021.10.06"]
[SourceVersion "1"]
[SourceVersionDate "2021.10.06"]
[SourceQuality "1"]

1. d4 f5 2. c4 e6 3. a3 Nf6 4. Nc3 Be7 5. Bf4 d6 6. Nf3 Bd7 7. e3 c5 8. d5 e5 9. Nxe5 dxe5 10. Bxe5 Qb6 11. d6 Bd8 12. Rb1 Nc6 13. Na4 Qa6 14. Nxc5 Qa5+ 15. b4 Qxa3 16. Rb3 Qa2 17. Bd3 Nxe5 18. Bb1 Qa1 19. O-O Nxc4 20. Qe2 Nxd6 21. Bxf5 Qe5 22. Bxd7+ Nxd7 23. Nxd7 Kxd7 24. Qg4+ Ke7 25. b5 Qd5 26. Qxg7+ Nf7 27. Rbb1 Bb6 28. Qg4 Rhg8 29. Qh4+ Qg5 30. Qe4+ Kf8 31. g3 Re8 32. Qxb7 Ne5 33. f4 Bxe3+ 34. Kg2 Bxf4 35. Rxf4+ Qxf4 36. Rf1 Qxf1+ 37. Kxf1 Rg7 38. Qd5 Rf7+ 39. Kg2 Ng6 40. Qd6+ Kg8 41. Kh3 Ref8 42. Qd5 Kh8 1/2-1/2

[Event "Outaouais-ch B"]
[Site "Gatineau CAN"]
[Date "2007.05.08"]
[Round "3"]
[White "Forget, David"]
[Black "Gagnon, Fabien"]
[Result "1/2-1/2"]
[WhiteElo "1871"]
[BlackElo "1966"]
[PlyCount "54"]
[GameId "2160767910693002"]
[EventDate "2007.04.24"]
[EventType "swiss"]
[EventRounds "6"]
[EventCountry "CAN"]
[SourceTitle "EXT 2022"]
[Source "ChessBase"]
[SourceDate "2021.10.06"]
[SourceVersion "1"]
[SourceVersionDate "2021.10.06"]
[SourceQuality "1"]

1. d4 Nf6 2. c4 g6 3. Nc3 Bg7 4. e4 O-O 5. Nf3 d6 6. Be2 Nbd7 7. O-O e5 8. dxe5 dxe5 9. Bg5 c6 10. b4 Qc7 11. Qd2 Re8 12. Rfd1 Bf8 13. c5 b6 14. cxb6 axb6 15. a3 Bb7 16. Qc2 Rac8 17. Bc4 h6 18. Bxf6 Nxf6 19. Qb3 b5 20. Be2 Red8 21. Rxd8 Rxd8 22. Qc2 Qe7 23. Rd1 Ra8 24. Ra1 Ne8 25. Qb3 Nc7 26. Bf1 Kg7 27. Qb2 f6 1/2-1/2

[Event "Outaouais-ch B"]
[Site "Gatineau CAN"]
[Date "2007.05.08"]
[Round "3"]
[White "Groleau, Gilles"]
[Black "Dallaire, Dominic"]
[Result "1-0"]
[WhiteElo "1930"]
[BlackElo "1872"]
[PlyCount "113"]
[GameId "2160767910693003"]
[EventDate "2007.04.24"]
[EventType "swiss"]
[EventRounds "6"]
[EventCountry "CAN"]
[SourceTitle "EXT 2022"]
[Source "ChessBase"]
[SourceDate "2021.10.06"]
[SourceVersion "1"]
[SourceVersionDate "2021.10.06"]
[SourceQuality "1"]

1. e4 e6 2. d4 d5 3. Nd2 Nf6 4. e5 Nfd7 5. Bd3 b6 6. c3 c5 7. Ne2 Ba6 8. Bxa6 Nxa6 9. O-O Be7 10. f4 cxd4 11. cxd4 Nb4 12. Nf3 Rc8 13. Nc3 a6 14. a3 Nc6 15. Be3 b5 16. f5 Nb6 17. fxe6 fxe6 18. Nd2 Kd7 19. a4 b4 20. Ne2 a5 21. b3 Qg8 22. Nf3 h6 23. Qd3 g5 24. Rac1 g4 25. Nd2 Rc7 26. Qb5 Nc8 27. Rxc6 Rxc6 28. Rc1 Na7 29. Qb7+ Ke8 30. Rxc6 Nxc6 31. Qxc6+ Kf7 32. g3 Qc8 33. Qxc8 Rxc8 34. Bxh6 Kg6 35. Be3 Rc2 36. Kf2 Kf5 37. Ke1 Kg6 38. Kd1 Rc8 39. Nf1 Kf5 40. Bf4 Ke4 41. Nd2+ Kf5 42. Nf1 Ke4 43. Kd2 Rh8 44. Be3 Rg8 45. Nf4 Kf5 46. Bg1 Rc8 47. Ne3+ Ke4 48. Nxe6 Rc3 49. Nxg4 Kf5 50. Nf4 Kxg4 51. Nxd5 Bg5+ 52. Be3 Rxb3 53. e6 Rb2+ 54. Kd3 Rxh2 55. Bxg5 Kxg5 56. e7 Rh8 57. Nc7 1-0

[Event "Outaouais-ch B"]
[Site "Gatineau CAN"]
[Date "2007.05.08"]
[Round "3"]
[White "Iyamuremye, Gervais"]
[Black "Levesque, Andre"]
[Result "1-0"]
[WhiteElo "1563"]
[BlackElo "1414"]
[PlyCount "105"]
[GameId "2160767910693004"]
[EventDate "2007.04.24"]
[EventType "swiss"]
[EventRounds "6"]
[EventCountry "CAN"]
[SourceTitle "EXT 2022"]
[Source "ChessBase"]
[SourceDate "2021.10.06"]
[SourceVersion "1"]
[SourceVersionDate "2021.10.06"]
[SourceQuality "1"]

1. e4 c5 2. Nf3 Nc6 3. b3 d6 4. Bb2 Nf6 5. d3 e6 6. Be2 g6 7. O-O Bg7 8. Nbd2 O-O 9. e5 Ng4 10. Nc4 Ngxe5 11. Ncxe5 Nxe5 12. Nxe5 dxe5 13. Re1 Qc7 14. f3 b6 15. Qd2 Bb7 16. Qg5 Rad8 17. Bf1 Rd7 18. Bxe5 Bxe5 19. Qxe5 Rd6 20. Qg3 Qe7 21. h4 Rd5 22. Qf2 Rfd8 23. f4 Qd7 24. g3 Qe8 25. Bg2 R5d7 26. a4 Bxg2 27. Qxg2 Qf8 28. a5 Qd6 29. axb6 Qxb6 30. Ra4 c4+ 31. Qf2 Qxf2+ 32. Kxf2 cxd3 33. c3 d2 34. Rd1 Rd3 35. Rc4 a5 36. b4 a4 37. b5 a3 38. Ke2 a2 39. Ra4 Rxc3 40. Rxd2 Rxd2+ 41. Kxd2 Rxg3 42. b6 Rb3 43. Ra6 Rxb6 44. Rxa2 Rb5 45. Ke3 e5 46. fxe5 Rxe5+ 47. Kf4 h6 48. Ra8+ Kg7 49. Kxe5 f6+ 50. Ke6 f5 51. Ra7+ Kf8 52. Kf6 Ke8 53. Kxg6 1-0

[Event "Outaouais-ch B"]
[Site "Gatineau CAN"]
[Date "2007.05.08"]
[Round "3"]
[White "Jiang, Qizhe"]
[Black "Scantland, Patrick"]
[Result "0-1"]
[WhiteElo "940"]
[BlackElo "1778"]
[PlyCount "62"]
[GameId "2160767910693005"]
[EventDate "2007.04.24"]
[EventType "swiss"]
[EventRounds "6"]
[EventCountry "CAN"]
[SourceTitle "EXT 2022"]
[Source "ChessBase"]
[SourceDate "2021.10.06"]
[SourceVersion "1"]
[SourceVersionDate "2021.10.06"]
[SourceQuality "1"]

1. e4 c5 2. Nf3 d6 3. d4 cxd4 4. Nxd4 Nf6 5. Nc3 a6 6. Be2 e5 7. Nf3 h6 8. h3 b5 9. a3 Bb7 10. Bd3 Be7 11. O-O O-O 12. Re1 Nbd7 13. Bd2 Rc8 14. Qc1 Kh7 15. Kh1 Nc5 16. Kg1 Nxd3 17. cxd3 Nd7 18. Qc2 Bf6 19. Be3 a5 20. Qd2 Nc5 21. Bxc5 Rxc5 22. b4 axb4 23. axb4 Rc6 24. Nxb5 Rb6 25. Na3 d5 26. exd5 Qxd5 27. Nc4 Re6 28. Qe3 e4 29. Nfd2 Bxa1 30. Rxa1 exd3 31. Qc5 Qxg2# 0-1